00382nam a2200133Ia 4500082001200000100003000012245005900042260002900101300001000130650002300140650003900163650002900202710001700231 aTS.0502 aSatyanarayana, M. Savitri 0aEducational system of 16th century in the Telugu state c1985bOsmania University a215p. aEDUCATION, ANCIENT aEDUCATION, MEDIEVAL - INDIA, SOUTH aEDUCATION - INDIA, SOUTH aRukamrao, V.